<?xml version="1.0" encoding="UTF-8"?>
<record
    xmlns:xsi="http://www.w3.org/2001/XMLSchema-instance"
    xsi:schemaLocation="http://www.loc.gov/MARC21/slim http://www.loc.gov/standards/marcxml/schema/MARC21slim.xsd"
    xmlns="http://www.loc.gov/MARC21/slim">

  <leader>00745nam a22001577a 4500</leader>
  <controlfield tag="003">OSt</controlfield>
  <controlfield tag="005">20150919101332.0</controlfield>
  <controlfield tag="008">150919b        xxu||||| |||| 00| 0 eng d</controlfield>
  <datafield tag="040" ind1=" " ind2=" ">
    <subfield code="c">RUA</subfield>
  </datafield>
  <datafield tag="082" ind1=" " ind2=" ">
    <subfield code="a">AGR CHH 2004 B030 Or.1</subfield>
  </datafield>
  <datafield tag="100" ind1=" " ind2=" ">
    <subfield code="9">835</subfield>
    <subfield code="a">CHHUON, PUTHIRORT.</subfield>
  </datafield>
  <datafield tag="245" ind1=" " ind2=" ">
    <subfield code="a">effect souse of seedling on growing and yield of senpidor in royal university of agriculture ( &#x17A5;&#x1791;&#x17D2;&#x1792;&#x17B7;&#x1796;&#x179B;&#x1793;&#x17C3;&#x1780;&#x17B6;&#x179A;&#x1795;&#x17D2;&#x17A2;&#x17B6;&#x1794;&#x17CB;&#x179F;&#x17C6;&#x178E;&#x17B6;&#x1794;&#x1791;&#x17C5;&#x179B;&#x17BE;&#x1780;&#x17B6;&#x179A;&#x179B;&#x17BC;&#x178F;&#x179B;&#x17B6;&#x179F;&#x17CB;&#x1793;&#x17B7;&#x1784;&#x200B;&#x1791;&#x17B7;&#x1793;&#x17D2;&#x1793;&#x1795;&#x179B;&#x179A;&#x1794;&#x179F;&#x17CB;&#x179F;&#x17D2;&#x179A;&#x17BC;&#x17BC;&#x179C;&#x179F;&#x17C2;&#x1793;&#x1796;&#x17B7;&#x178A;&#x17C4;&#x179A; &#x1793;&#x17C5;&#x179F;&#x17B6;&#x1780;&#x179B;&#x179C;&#x17B7;&#x1791;&#x17D2;&#x1799;&#x17B6;&#x179B;&#x17D0;&#x1799;&#x1797;&#x17BC;&#x1798;&#x17B7;&#x1793;&#x17D2;&#x1791;&#x1780;&#x179F;&#x17B7;&#x1780;&#x1798;&#x17D2;&#x1798; )</subfield>
  </datafield>
  <datafield tag="260" ind1=" " ind2=" ">
    <subfield code="a">Phnom Penh</subfield>
    <subfield code="b">RUA</subfield>
    <subfield code="c">2004</subfield>
  </datafield>
  <datafield tag="300" ind1=" " ind2=" ">
    <subfield code="a">50p.</subfield>
    <subfield code="b">ill.</subfield>
    <subfield code="c">29cm.</subfield>
  </datafield>
  <datafield tag="942" ind1=" " ind2=" ">
    <subfield code="2">ddc</subfield>
    <subfield code="c">AGR</subfield>
  </datafield>
  <datafield tag="999" ind1=" " ind2=" ">
    <subfield code="c">803</subfield>
    <subfield code="d">803</subfield>
  </datafield>
  <datafield tag="952" ind1=" " ind2=" ">
    <subfield code="0">0</subfield>
    <subfield code="1">0</subfield>
    <subfield code="2">ddc</subfield>
    <subfield code="4">0</subfield>
    <subfield code="6">AGR_CHH_2004_000000000000000_B030_OR_1</subfield>
    <subfield code="7">0</subfield>
    <subfield code="9">3202</subfield>
    <subfield code="a">LBB</subfield>
    <subfield code="b">LBB</subfield>
    <subfield code="c">B030</subfield>
    <subfield code="d">2015-09-19</subfield>
    <subfield code="l">1</subfield>
    <subfield code="o">AGR CHH 2004 B030 Or.1</subfield>
    <subfield code="p">A28046</subfield>
    <subfield code="r">2018-02-05</subfield>
    <subfield code="s">2018-01-27</subfield>
    <subfield code="w">2015-09-19</subfield>
    <subfield code="y">AGR</subfield>
  </datafield>
  <datafield tag="952" ind1=" " ind2=" ">
    <subfield code="0">0</subfield>
    <subfield code="1">0</subfield>
    <subfield code="2">ddc</subfield>
    <subfield code="4">0</subfield>
    <subfield code="6">AGR_CHH_2004_000000000000000_B030_OR_2</subfield>
    <subfield code="7">0</subfield>
    <subfield code="9">3203</subfield>
    <subfield code="a">LBB</subfield>
    <subfield code="b">LBB</subfield>
    <subfield code="c">B030</subfield>
    <subfield code="d">2015-09-19</subfield>
    <subfield code="l">1</subfield>
    <subfield code="o">AGR CHH 2004 B030 Or.2</subfield>
    <subfield code="p">RUA001379</subfield>
    <subfield code="r">2016-06-25</subfield>
    <subfield code="s">2016-05-26</subfield>
    <subfield code="w">2015-09-19</subfield>
    <subfield code="y">AGR</subfield>
  </datafield>
  <datafield tag="952" ind1=" " ind2=" ">
    <subfield code="0">0</subfield>
    <subfield code="1">0</subfield>
    <subfield code="2">ddc</subfield>
    <subfield code="4">0</subfield>
    <subfield code="6">AGR_CHH_2004_000000000000000_B030_OR_3</subfield>
    <subfield code="7">0</subfield>
    <subfield code="9">3204</subfield>
    <subfield code="a">LBB</subfield>
    <subfield code="b">LBB</subfield>
    <subfield code="c">B030</subfield>
    <subfield code="d">2015-09-19</subfield>
    <subfield code="l">1</subfield>
    <subfield code="o">AGR CHH 2004 B030 Or.3</subfield>
    <subfield code="p">RUA001594</subfield>
    <subfield code="q">2016-11-17</subfield>
    <subfield code="r">2016-10-26</subfield>
    <subfield code="s">2016-10-26</subfield>
    <subfield code="w">2015-09-19</subfield>
    <subfield code="y">AGR</subfield>
  </datafield>
</record>
